000
00331 a2200169 4500
001
182200
020
_a
85-01-00530-4
040
_c
Magnum
100
_a
Amado, Jorge
240
1
0
_a
Mar morto
_l
por
245
1
0
_a
Mar morto
300
_a
272
362
0
_a
1996
440
1
_a
Record
697
_a
LITERATURA GERAL
942
_c
BK
999
_c
182200
_d
182200